Linear partial differential operators /

Guardado en:
Autor Principal: Hörmander, Lars.
Formato: Libro
Idioma:English
Publicado: Berlin : Springer, 1964.
Edición:2nd rev. printing.
Series:Die Grundlehren der mathematischen Wissenschaften in Einzeldarstellungen mit besonderer Berücksichtigung der Anwendungsgebiete ; Bd. 116
Etiquetas: Agregar Etiqueta
Sin Etiquetas, Sea el primero en etiquetar este registro!
LEADER 00754nam a22001935a 4500
001 MAT.inmabb004989
008 080822s1964####gw#######b####001#0#eng#d
005 20130306164109.0
245 1 0 |a Linear partial differential operators /  |c by Lars Hörmander. 
250 |a 2nd rev. printing. 
260 |a Berlin :  |b Springer,  |c 1964. 
300 |a vii, 284 p. ;  |c 24 cm. 
440 4 |a Die Grundlehren der mathematischen Wissenschaften in Einzeldarstellungen mit besonderer Berücksichtigung der Anwendungsgebiete ;  |v Bd. 116 
500 |a Publicado originalmente en 1963. 
504 |a Bibliografía: p. 280-284. 
510 4 |a MR,  |c 28 #4221  |3 (ed. original) 
100 1 |a Hörmander, Lars. 
084 |a 35-02 (46Fxx 47-02)  |2 msc2000 
859 |h 35  |i H812-2  |p A-6225  |b BIB. MATEMATICA